Classement Forbes des personnalités les plus puissantes du monde - Statistiques

Statistiques générales
  • Ce quiz a été pris 212 fois
  • Le résultat moyen est 32 sur 54
Statistiques - réponses
2009 Pays Nom % Correct
1 Etats-Unis Barack Obama
97%
2 Etats-Unis Barack Obama
97%
1 Etats-Unis Barack Obama
97%
1 Etats-Unis Barack Obama
97%
2 Etats-Unis Barack Obama
97%
2 Etats-Unis Barack Obama
97%
3 Etats-Unis Barack Obama
97%
3 Russie Vladimir Poutine
96%
4 Russie Vladimir Poutine
96%
2 Russie Vladimir Poutine
96%
3 Russie Vladimir Poutine
96%
1 Russie Vladimir Poutine
96%
1 Russie Vladimir Poutine
96%
1 Russie Vladimir Poutine
96%
1 Russie Vladimir Poutine
96%
2 Russie Vladimir Poutine
96%
2 Etats-Unis Donald Trump
91%
3 Etats-Unis Donald Trump
91%
4 Allemagne Angela Merkel
84%
2 Allemagne Angela Merkel
84%
5 Allemagne Angela Merkel
84%
5 Allemagne Angela Merkel
84%
2 Allemagne Angela Merkel
84%
3 Allemagne Angela Merkel
84%
4 Allemagne Angela Merkel
84%
4 Vatican François
76%
4 Vatican François
76%
4 Vatican François
76%
5 Vatican François
76%
3 Chine Xi Jinping
62%
3 Chine Xi Jinping
62%
5 Chine Xi Jinping
62%
4 Chine Xi Jinping
62%
1 Chine Xi Jinping
62%
5 Vatican Benoit XVI
54%
5 Vatican Benoit XVI
54%
5 Etats-Unis Bill Gates
45%
4 Etats-Unis Bill Gates
45%
5 Etats-Unis Jeff Bezos
42%
2 Chine Hu Jintao
13%
1 Chine Hu Jintao
13%
3 Chine Hu Jintao
13%
5 Etats-Unis Larry Page
4%
3 Arabie saoudite Abdallah ben Abdelaziz
2%
5 Etats-Unis Sergey Brin
2%
4 Etats-Unis Ben Bernanke
1%
2010 Pays Nom
0%
2011 Pays Nom
0%
2012 Pays Nom
0%
2013 Pays Nom
0%
2014 Pays Nom
0%
2015 Pays Nom
0%
2016 Pays Nom
0%
2018 Pays Nom
0%
Aucun quiz correspondant
Distribution des résultats
% des personnes avec chaque résultat
Percentile par nombre de réponses
Votre historique - résultats
Vous n’avez pas pris ce quiz